000 00785nam a2200241Ia 4500
001 429
003 GE_BSU
008 181216s||||||||xx |||||||||||||| ||und||
020 _a978994102427
040 _cGE_BSU
080 _a272
100 _aრატცინგერი, იოზეფ
245 _aშესავალი ქრისტიანობაში
245 _bლექციები სამოციქულო სიმბოლოს შესახებ
245 _cთარგ. ვარდიძე ვ.
260 _aთბილისი
260 _c2010
300 _a478 გვ.
541 _h12 ლ.
653 _aრელიგია
653 _aშესავალი ქრისტიანობაში
942 _cBK
999 _c34654
_d34654